000 01120 a2200229 4500
003 Nust
005 20170207154121.0
010 _a 89029680
020 _a0805300600
040 _cNust
082 0 0 _a005.262
100 1 _aKelley, Al.
245 1 2 _aA book on C :
_bprogramming in C /
_cAl Kelley and Ira Pohl.
250 _a2nd ed.
260 _aRedwood City, Calif. :
_bBenjamin/Cummings Pub. Co.,
_cc1990.
300 _axv, 519 p. ;
_c24 cm.
490 0 _aThe Benjamin/Cummings series in computer science
505 _aStarting from Zero (Page-1), An Overview of C (Page-3), Lexical Elements, Operators, and the C System (Page-57), The Fundamental Data Types (Page-85), Flow of Control (Page-117), Functions (Page-161), Arrays, Pointers, and Strings (Page-193), Bitwise Operators and Enumeration Types (Page-245), The Preprocessor (Page-269), Structures and Unions (Page-299), Structures and List Processing (Page-333), Input/output and the Operating System (Page-373), Advanced Applications(Page-425),
538 _aAlmirah No.125 Shelf No.3
650 0 _aC (Computer program language)
700 1 _aPohl, Ira.
942 _2ddc
_cBK
999 _c194328
_d194328